A nona geraçao
Uloženo v:
| Hlavní autor: | |
|---|---|
| Médium: | Kniha |
| Jazyk: | Spanish |
| Vydáno: |
Fortaleza, Brasil
Edições Resto do Mundo
2000
|
| Témata: | |
| Tagy: |
Přidat tag
Žádné tagy, Buďte první, kdo vytvoří štítek k tomuto záznamu!
|
MARC
| LEADER | 00000nam a22000007a 4500 | ||
|---|---|---|---|
| 008 | 181106b xxu||||| |||| 00| 0 spa d | ||
| 040 | |a cru BVZT | ||
| 090 | |a 869 P-1.1a | ||
| 100 | |a Peña, Alfonso | ||
| 245 | |a A nona geraçao |c Alfonso Peña ; Floriano Martin, traductor ; Eduardo Ely, ilustrador | ||
| 260 | |a Fortaleza, Brasil |b Edições Resto do Mundo |c 2000 | ||
| 300 | |a 116 páginas | ||
| 630 | |l Portuguès | ||
| 650 | 0 | |9 196 |a LITERATURA BRASILEÑA | |
| 650 | 0 | |9 13 |a NOVELA | |
| 999 | |c 30634 |d 30634 | ||
| 942 | |c LIB |h 869 P-1.1a |2 z | ||
